Obras serias /

Guardado en:
Autor Principal: Quevedo Y Villegas, Francisco De
Formato: Libro
Publicado: Paris : Garnier, 1890
Edición:3a. ed.
Materias:
Etiquetas: Agregar Etiqueta
Sin Etiquetas, Sea el primero en etiquetar este registro!
LEADER 00534nam a22001935a 4500
001 CEM.cems005219
005 20060220000000.0
008 130507s1890##################000#0#####d
003 CEMS
082 0 4 |a 863.3 
100 1 |a Quevedo Y Villegas, Francisco De 
245 1 0 |a Obras serias / 
250 |a 3a. ed. 
260 |a Paris :  |b Garnier,  |c 1890 
300 |a 529 p. 
653 |a Literatura 
653 |a Prosa española-siglo de oro 
653 |a Satira española-siglo de oro 
859 |a CEMS  |b BIB. CEMS - 11 de abril  |h 863.3  |i Q38a3  |p 9875.81  |t Ej.1